Países que reconocen a Osetia del Sur - Estadísticas

Estadísticas generales
  • Esta prueba ha sido intentada 5 veces
  • La puntuación promedio es 4 de 5
Estadísticas de respuestas
Continente Respuesta % Correcto
Europa y Asia Rusia
100%
América del Sur Venezuela
100%
América del Norte Nicaragua
75%
Asia Siria
75%
Oceanía Nauru
50%
No se encontraron pruebas coincidentes
Distribución de puntuación
Porcentaje de gente con cada puntuación
Porcentaje por número respondido
Historial de tus puntuaciones
No has intentado esta prueba.